Stations de tram Strasbourg - Statistiques

Statistiques générales
  • Ce quiz a été pris 76 fois
  • Le résultat moyen est 34 sur 87
Statistiques - réponses
Ligne Arrêt % Correct
Ligne E Droits de l'Homme
87%
Ligne C & A & D Gare Centrale
79%
Ligne A & D Etoile Bourse
73%
Ligne A & B & C & D & F Homme de Fer
73%
Ligne C & E & F Gallia
68%
Ligne E Campus d'Illkirch
67%
Ligne E & C Esplanade
67%
Ligne C & E & F Université
65%
Ligne A & D Ancienne Synagogue - Les Halles
63%
Ligne E & D Etoile Polygone
63%
Ligne A Parc des Sports
63%
Ligne E & B & C & F République
63%
Ligne C & E & F Observatoire
62%
Ligne A & D Porte de l'Hôpital
62%
Ligne B & C & F Broglie
60%
Ligne A & E Krimmeri - Stade de la Meinau
60%
Ligne C & E Winston Churchill
57%
Ligne D Kehl Rathaus
56%
Ligne B & E Lycée Kléber
56%
Ligne D Poteries
56%
Ligne A & D Rotonde
56%
Ligne E Parlement Européen
54%
Ligne A & E Emile Mathis
52%
Ligne A & D Langstross' Grand Rue
52%
Ligne C & D & E Landsberg
48%
Ligne D Port du Rhin
48%
Ligne B & F Alt Winmärik
46%
Ligne A & E Lycée Couffignal
46%
Ligne A & D Dante
44%
Ligne F Comtes
43%
Ligne C & D Jean Jaurès
43%
Ligne B & E Wacken
43%
Ligne B & F Faubourg National
41%
Ligne B Montagne Verte
41%
Ligne F Place d'Islande
41%
Ligne A Cervantès
40%
Ligne B Musée d'Art Moderne
40%
Ligne A & D Saint-Florent
40%
Ligne A & E Baggersee
38%
Ligne C Faubourg de Saverne
38%
Ligne A Graffenstaden
38%
Ligne A & E Colonne
37%
Ligne B Hoenheim Gare
37%
Ligne A & D Hopital de Hautepierre
37%
Ligne D Paul Eluard
37%
Ligne E Robertsau l'Escale
37%
Ligne A & D Ducs d'Alsace
35%
Ligne A & E Leclerc
35%
Ligne D Aristide Briand
33%
Ligne C Gravière
33%
Ligne B & E Parc du Contades
33%
Ligne D Citadelle
32%
Ligne B Elsau
32%
Ligne D Kehl Bahnhof
32%
Ligne C Neuhof Rodolphe Reuss
32%
Ligne A & E Hohwart
29%
Ligne B Laiterie
29%
Ligne A & E Schluthfeld
29%
Ligne A Cours de l'Illiade
27%
Ligne B Général de Gaulle
27%
Ligne C Kibitzenau
27%
Ligne C Lycée Jean Monnet
27%
Ligne D Marcel Rudloff
25%
Ligne F Parc des Romains
25%
Ligne B Pont Phario
25%
Ligne C Saint-Christophe
25%
Ligne E Boecklin
24%
Ligne B Elmerforst
24%
Ligne D Hochschule / Läger
24%
Ligne B Le Marais
24%
Ligne E Mélanie
24%
Ligne A Parc Malraux
24%
Ligne B Futura Glacière
22%
Ligne A Le Galet
22%
Ligne B Lingolsheim Tiergaertel
22%
Ligne D Starcoop
22%
Ligne B Bohrie
21%
Ligne B Lycée Marc Bloch
21%
Ligne B Martin Schongauer
21%
Ligne F Porte Blanche
21%
Ligne B Lingolsheim Alouettes
19%
Ligne B Wihrel
19%
Ligne A Illkirch Lixenbuhl
17%
Ligne B Le Ried
17%
Ligne B Ostwald Hôtel de Ville
17%
Ligne B Rives de l'Aar
17%
Ligne E Jardiniers
14%
Aucun quiz correspondant
Distribution des résultats
% des personnes avec chaque résultat
Percentile par nombre de réponses
Votre historique - résultats
Vous n’avez pas pris ce quiz